<?xml version="1.0" encoding="UTF-8"?>
<collection xmlns="http://www.loc.gov/MARC21/slim">
 <record>
  <leader>01458nam a2200265 a 4500</leader>
  <controlfield tag="001">1/40423</controlfield>
  <controlfield tag="008">101012s2006    gr       ba   00010 gre d</controlfield>
  <datafield tag="020" ind1=" " ind2=" ">
   <subfield code="a">9604104475</subfield>
  </datafield>
  <datafield tag="035" ind1=" " ind2=" ">
   <subfield code="l">43184</subfield>
  </datafield>
  <datafield tag="040" ind1=" " ind2=" ">
   <subfield code="a">GR-PeUP</subfield>
  </datafield>
  <datafield tag="082" ind1="0" ind2="0">
   <subfield code="a">956.1015 PET ΜΤΦ</subfield>
  </datafield>
  <datafield tag="100" ind1="1" ind2=" ">
   <subfield code="a">Petacco, Arrigo.</subfield>
  </datafield>
  <datafield tag="245" ind1="1" ind2="2">
   <subfield code="a">Ο σταυρός και η ημισέληνος :</subfield>
   <subfield code="b">Ναύπακτος 7 Οκτωβρίου 1571 : Όταν η χριστιανοσύνη απώθησε το Ισλάμ /</subfield>
   <subfield code="c">Αρίγκο Πετάκο ; μετάφραση Ηλιοφώτιστη Παπαστεφάνου, Στέλλα Πεκιαρίδη.</subfield>
  </datafield>
  <datafield tag="260" ind1="0" ind2=" ">
   <subfield code="a">Αθήνα :</subfield>
   <subfield code="b">Ωκεανίδα,</subfield>
   <subfield code="c">2006.</subfield>
  </datafield>
  <datafield tag="300" ind1=" " ind2=" ">
   <subfield code="a">279 σ. ;</subfield>
   <subfield code="c">21 εκ.</subfield>
  </datafield>
  <datafield tag="490" ind1="1" ind2=" ">
   <subfield code="a">Κυκεών ;</subfield>
  </datafield>
  <datafield tag="500" ind1=" " ind2=" ">
   <subfield code="a">Τίτλος πρωτοτύπου: La croce e la mezzaluna, Lepanto 7 ottobre 1571, quando la cristianita respinse l' Islam.</subfield>
  </datafield>
  <datafield tag="504" ind1=" " ind2=" ">
   <subfield code="a">Περιέχει βιβλιογραφία και ευρετήριο.</subfield>
  </datafield>
  <datafield tag="651" ind1=" " ind2="4">
   <subfield code="a">Οθωμανική Αυτοκρατορία</subfield>
   <subfield code="x">Ιστορία</subfield>
   <subfield code="y">1453-1683.</subfield>
  </datafield>
  <datafield tag="651" ind1=" " ind2="4">
   <subfield code="a">Ναύπακτος, Ναυμαχία της, 1571.</subfield>
  </datafield>
  <datafield tag="651" ind1=" " ind2="4">
   <subfield code="a">Βενετία (Ιταλία)</subfield>
   <subfield code="x">Ιστορία</subfield>
   <subfield code="y">1453-1571.</subfield>
  </datafield>
  <datafield tag="700" ind1="1" ind2=" ">
   <subfield code="a">Παπαστεφάνου, Ηλιοφώτιστη.</subfield>
  </datafield>
  <datafield tag="700" ind1="1" ind2=" ">
   <subfield code="a">Πεκιαρίδη, Στέλλα.</subfield>
  </datafield>
  <datafield tag="830" ind1=" " ind2=" ">
   <subfield code="a">Κυκεών ;</subfield>
   <subfield code="v">35.</subfield>
  </datafield>
  <datafield tag="852" ind1=" " ind2=" ">
   <subfield code="a">INST</subfield>
   <subfield code="b">UNIPILB</subfield>
   <subfield code="c">MAIN</subfield>
   <subfield code="e">20101012</subfield>
   <subfield code="h">956.1015 PET ΜΤΦ</subfield>
   <subfield code="p">00158317</subfield>
   <subfield code="q">00158317</subfield>
   <subfield code="t">LOAN</subfield>
   <subfield code="y">0</subfield>
   <subfield code="4">1</subfield>
  </datafield>
 </record>
</collection>
